| 000 | 01015ngm a2200217 a 4500 | ||
|---|---|---|---|
| 005 | 20240925063755.0 | ||
| 008 | 010910s1997 mx 048 aaspa d | ||
| 035 | _aUPN01000111196 | ||
| 049 | _aAV | ||
| 050 | 4 | _aPVI LB 0950 | |
| 245 | 0 | 0 |
_aCrisis familiar : _bla hora de la tarea. |
| 260 |
_aMéxico : _bILCE, _c1997. |
||
| 300 |
_a1 videocassette (VHS) (48 min.) : _bson., col. |
||
| 440 | 0 |
_aTus hijos en el siglo XXI ; _v6 |
|
| 501 | _aCon: Las matemáticas. | ||
| 520 | _aLa hora de la tarea constituye, en muchas ocasiones, un verdadero drama familiar, debido a que los padres no saben como enfrentar negativas a realizarlas y no sabe propiciar su realización. En: Las matemáticas, se señala que si se cuenta con las herramientas y las estrategias necesarias esto permitirá que se propicie un acercamiento positivo a esta materia tan controvertida | ||
| 650 | 2 |
_aTareas escolares _94301 |
|
| 650 | 4 |
_aMatemáticas _xEstudio y enseñanza _93601 |
|
| 740 | 4 | _aLas matemáticas | |
| 905 | _aAudiovisuales | ||
| 999 |
_c85105 _d85105 |
||